The World's 50 Largest Cities by Letter - K - Statistics

General Stats
  • This quiz has been taken 1,306 times
  • The average score is 24 of 50
Answers on the Map
Answers color-coded by a green-red scale on the quiz's map according to % correct below.
 
Answer Stats
# Population Country Urban Area % Correct
16 3,545,076 Ukraine Kyiv
97%
3 17,239,463 D.R. Congo Kinshasa
96%
40 1,081,427 Jamaica Kingston
95%
20 2,065,539 United States Kansas City
93%
5 6,505,190 Sudan Khartoum
93%
31 1,339,089 Poland Kraków
93%
4 9,038,691 Malaysia Kuala Lumpur
93%
6 5,368,867 Afghanistan Kabul
92%
2 19,024,546 Pakistan Karachi
92%
13 4,090,152 Kuwait Kuwait City
92%
1 25,626,219 India Kolkata
90%
11 4,425,877 Uganda Kampala
87%
26 1,517,168 Rwanda Kigali
81%
8 5,166,840 Nigeria Kano
79%
17 3,447,600 Nepal Kathmandu
78%
23 1,713,794 Ukraine Kharkiv
78%
19 2,843,725 Poland Katowice (Upper Silesia)
71%
30 1,341,784 Russia Kazan
58%
15 3,672,010 China Kunming
58%
9 4,495,338 Ghana Kumasi
57%
39 1,099,344 Russia Krasnodar
55%
18 2,931,076 Taiwan Kaohsiung
48%
36 1,187,771 Russia Krasnoyarsk
48%
12 4,247,263 India Kanpur
44%
49 828,722 Germany Karlsruhe
44%
28 1,365,287 Turkey Konya
38%
34 1,232,667 Sri Lanka Kandy
35%
29 1,356,640 D.R. Congo Kisangani
33%
7 5,262,906 India Kochi
33%
37 1,157,984 Iraq Kirkuk
32%
22 1,814,393 Nigeria Kaduna
30%
25 1,624,308 Japan Kitakyushu
28%
38 1,152,930 Turkey Kayseri
26%
21 1,961,181 D.R. Congo Kananga
25%
33 1,246,549 India Kota
25%
41 1,070,320 Japan Kumamoto
18%
10 4,453,515 India Kozhikode
17%
27 1,369,857 China Kaifeng
16%
45 946,651 Iran Kermanshah
15%
35 1,231,123 Bangladesh Khulna
15%
46 940,864 Malaysia Kota Kinabalu
15%
43 1,043,739 Iraq Kerbala
12%
24 1,640,986 India Kannur
11%
14 3,811,399 India Kollam
9%
44 1,023,214 D.R. Congo Kolwezi
9%
42 1,060,322 India Kolhapur
8%
48 925,501 Saudi Arabia Khamis Mushait - Abha
5%
50 791,348 India Kharagpur
3%
32 1,303,552 India Kottayam
3%
47 933,677 India Krishnanagar
2%
No matching quizzes found
Score Distribution
Percent of People with Each Score
Percentile by Number Answered
Your Score History
You have not taken this quiz